000 01691nas a2200289 454500
001 32989
005 20260407193508.0
008 260407s2008####ag###########|||spa#d
003 AR-UNSa-BCEJYS
040 _aAR-UNSa-BCEJYS
_bspa
_cAR-UNSa-BCEJYS
080 _a336.221
_xTributación
245 1 0 _aCuadernos del Instituto AFIP
022 _a18551-9873
264 1 _aBuenos Aires :
_bAFIP (Administración Federal de Ingresos Públicos)
_c2008
310 _aFrecuencia: Trimestral
505 _aEl Instituto de Estudios Tributarios, Aduaneros y de los Recursos de la Seguridad Social fue creado en el año 2006 tiene como propósitos fundamentales la realización de investigaciones y de actividades de cooperación, la especialización profesional el intercambio de experiencias y la publicación de nuevos aportes sobre la cultura tributaria. Los Cuadernos del Instituto tienen como objetivo establecer un carril de comunicación y debate para todas aquellas producciones teóricas y prácticas elaboradas por los funcionarios del AFIP, que constituyen gran parte del "saber acumulado" y no difundido A partir del número 25 sólo se publicará en formato electrónico
041 _aspa
942 _cSER
590 _aniveau_biblio:s niveau_hierar:1
100 1 _aArgentina. Administración Federal de Ingresos Públicos. Instituto de Estudios Tributarios, Aduaneros y de los Recursos de la Seguridad Social
700 1 _aEstévez, Alejandro M.
650 _aDatos estadísticos
650 _aPolítica fiscal
650 _aHacienda pública
650 _aTributación
856 4 1 _uhttps://biblioeco.unsa.edu.ar/pmb/images/revistas/AFIP_C21.jpg
_yImagen de portada
_qimage/jpeg
999 _c8728
_d8728